LIBRARY & INFORMATION CENTRE, KCAET, TAVANUR

ONLINE PUBLIC ACCESS CATALOGUE (OPAC)

Ravanan / (Record no. 11732)

MARC details
000 -LEADER
fixed length control field 00357cam a2200145ua 4500
041 ## - LANGUAGE CODE
Language code of text/sound track or separate title mal
082 ## - DEWEY DECIMAL CLASSIFICATION NUMBER
Classification number 894.8122
Item number RAM/RA
100 ## - MAIN ENTRY--AUTHOR NAME
Personal name Ramakrishnan, Malayattoor.
245 ## - TITLE STATEMENT
Title Ravanan /
260 ## - PUBLICATION, DISTRIBUTION, ETC. (IMPRINT)
Place of publication :
Name of publisher Sahithiya pravathaka ,
Year of publication 1959.
300 ## - PHYSICAL DESCRIPTION
Number of Pages 77 ; .
942 ## - ADDED ENTRY ELEMENTS (KOHA)
Koha item type Books
Holdings
Withdrawn status Lost status Damaged status Home library Current library Date acquired Full call number Accession Number Koha item type
      KAUAET KAUAET 07/04/2012 894.8122 12816 Books
free website counter